Filmquiz - Statistiken

Allgemein
  • Dieses Quiz wurde 213 mal gespielt
  • Das Durchschnittsergebnis liegt bei 8 aus 15
Antwortstatistiken
Frage Antwort % Korrekt
Wie lautet der Ringname von Rocky Balboa? The Italian Stallion
100%
Casey Ryback, der Held aus „Alarmstufe Rot“ arbeitet auf dem Schiff als… Koch
81%
Für welchen Charakter ist der Wissenschaftler Dr. Okun aus Area 51 in „Independence Day“ eher bekannt? Lt. Cmd. Data (Raumschiff Enterprise)
69%
Wie nennen die Protagonisten dieses Auto? Elenore
63%
Was trinkt B.A. vom A-Team am liebsten? Milch
63%
Welches Tier wird in „Jurassic Park“ dazu verwendet, um den T-Rex anzulocken? Ziege
63%
Welche Farbe hat die Rauchfackel, die Nicholas Cage am Ende des Films „The Rock“ zündet und damit signalisiert, dass die Insel gesichert ist? grün
56%
Was bietet Murtaugh in „Lethal Weapon 3“ Riggs an, damit dieser zum Rauchen aufhört? Hundekekse
56%
Der T-800 zerstört in Terminator die Polizeiflotte bei Cyberdine mit einer …? Mini-Gun
44%
Was möchte Cameron Poe in „Con Air“ seiner Tochter zum Geburtstag schenken? Stoffhase
44%
Was ist die Ursache für den katastrophalen Hochhausbrand in „Flammendes Inferno“? Kurzschluss
38%
In „Alien 2“ erhält Ripley Unterstützung von welcher Spezialeinheit? Marines
38%
Der zwielichtige C.I.A. Bösewicht aus „Expandables“ (Robert Patrick) ist außerdem der Bösewicht in… The Dark Knight (Mafia-Boss)
31%
Rachel aus „Batman begins“ wurde bekannt durch… Dawsons Creek
25%
Welches Auto stiehlt Nicholas Cage am Ende von „Nur noch 60 Sekunden“? Shelby Mustang
25%
Keine übereinstimmenden Quizze gefunden
Verteilung der Resultate
Anzahl Personen mit jedem Resultat
Perzentil nach korrekt beantworteten Fragen
Ihre Resultats-Entwicklung
Sie haben dieses Quiz noch nicht gespielt